El pasto llorón (eragrostis curvula); manual con información básica y normas para su cultivo y /
Guardado en:
| Autor Principal: | |
|---|---|
| Formato: | Libro |
| Publicado: |
Buenos Aires :
Hemisferio Sur,
1985
|
| Materias: | |
| Etiquetas: |
Agregar Etiqueta
Sin Etiquetas, Sea el primero en etiquetar este registro!
|
| LEADER | 01098nam a22002055a 4500 | ||
|---|---|---|---|
| 001 | CEM.cems016724 | ||
| 005 | 20130426173455.0 | ||
| 008 | 130507s1985##################000#0#####d | ||
| 003 | CEMS | ||
| 082 | 0 | 4 | |a 633.2 |
| 100 | 1 | |a Covas, Guillermo | |
| 245 | 1 | 0 | |a El pasto llorón (eragrostis curvula); manual con información básica y normas para su cultivo y / |c Guillermo Covas, Antonio G Cairnie |
| 260 | |a Buenos Aires : |b Hemisferio Sur, |c 1985 | ||
| 300 | |a 76 p. | ||
| 505 | 0 | |a Informaciones básicas sobre el pasto llorón y especies relacionadas -- Cultivo del pasto llorón -- Manejo del cultivo de pasto llorón -- Utilización del pasto llorón -- Porvenir del pasto llorón en la Argentina -- Principales cualidades que destacan al pasto llorón como un recurso de extraordinario valor para ganar parte de la región semiárida argentina | |
| 653 | |a Pasturas | ||
| 653 | |a Pasto llorón | ||
| 859 | |a CEMS |b BIB. CEMS - Agricultura |h 633.2 |i C637 |p A0213.00 |t Ej.2 | ||
| 859 | |a CEMS |b BIB. CEMS - Agricultura |h 633.2 |i C637 |p A1433.11 |t Ej.3 | ||
| 859 | |a CEMS |b BIB. CEMS - Agricultura |h 633.2 |i C637 |p A18249.95 |t Ej.1 | ||
